[Event "Titled Tue 19th Nov Late"]
[Site "chess.com INT"]
[Date "2024.11.19"]
[Round "11"]
[White "Svane, R."]
[Black "Holt, C."]
[Result "1-0"]
[WhiteElo "2628"]
[BlackElo "2540"]
[PlyCount "71"]
[EventDate "2024.11.19"]

1. Nf3 d5 2. g3 Bg4 3. Bg2 Nd7 4. d4 e6 5. O-O Bd6 6. h3 Bh5 7. c4 c6 8. Qb3 ({RR} 8. Nc3 Ngf6 9. cxd5 exd5 10. Nh4 Bg6 11. Nxg6 hxg6 12. Qd3 O-O 13. Bd2 Re8 14. Rfe1 Nb6 15. b3 Bb4 16. a3 Bxc3 17. Bxc3 Ne4 18. Bd2 f5 19. Bf4 Nd7 20. f3 g5 21. fxe4 fxe4 22. Qe3 gxf4 {Efimenko,Z (2602)-Kuzubov,Y (2643) Chess.com INT 2020 0-1 (58)}) 8... Rb8 9. Nc3 Ngf6 ({RR} 9... Ne7 10. e4 dxc4 11. Qxc4 O-O 12. Be3 e5 13. dxe5 Nxe5 14. Nxe5 Bxe5 15. Bxa7 Ra8 16. Be3 Qc7 17. f4 Bxc3 18. Qxc3 f6 19. a4 Rfe8 20. a5 Nc8 21. b4 Nd6 22. Bb6 Qc8 23. Rfe1 Bg6 24. e5 {Stremavicius,T (2543)-Mokshanov,A (2342) chess.com INT 2024 1-0 (45)}) 10. Re1 $146 ({RR} 10. Nd2 Bg6 11. cxd5 exd5 12. e4 dxe4 13. Nc4 Bc7 14. Qa3 Nb6 15. Ne5 Bd6 16. Qxa7 Qc7 17. Nxg6 hxg6 18. Nxe4 Nxe4 19. Qa5 Nf6 20. Re1+ Kf8 21. g4 Nbd5 {0-1 (21) Korniushin,N (2348)-Imashev,I (2225) Kazan 2016}) 10... O-O 11. e4 dxe4 12. Nxe4 Nxe4 13. Rxe4 b5 14. c5 Bxc5 15. dxc5 Nxc5 16. Qe3 Nxe4 17. Qxe4 Qd1+ 18. Kh2 Rfd8 19. b3 Bg6 20. Qf4 Rbc8 21. Bb2 Qc2 22. Bd4 c5 23. Rc1 Qxa2 24. Rxc5 Rxc5 25. Bxc5 Qxb3 26. Bxa7 Qc4 27. Qg5 f6 28. Qe3 e5 29. Qb6 Rc8 30. Nd2 Qa2 31. Qb7 Rd8 32. Ne4 Kh8 33. Nc5 Qc4 34. Bb6 Rg8 35. Bd5 Qc2 36. Ne6 1-0

[Event "Aimchess US Rapid Prelim"]
[Site "chess24.com INT"]
[Date "2021.08.28"]
[Round "4.4"]
[White "Naroditsky, D."]
[Black "Van Foreest, Jorden"]
[Result "1-0"]
[WhiteElo "2623"]
[BlackElo "2698"]
[PlyCount "139"]
[EventDate "2021.08.28"]
[EventType "rapid"]

1. Nf3 d5 2. e3 Nf6 3. c4 e6 4. Nc3 c5 5. cxd5 exd5 6. d4 Nc6 7. Be2 Bd6 8. dxc5 Bxc5 9. O-O O-O 10. b3 a6 11. Bb2 Ba7 12. Rc1 Bg4 13. Nd4 Bxd4 14. Bxg4 Be5 15. Bf3 Qd6 16. g3 Rad8 17. Bg2 d4 $146 ({RR} 17... Rfe8 18. Re1 h5 19. Qd2 h4 20. f4 Bxc3 21. Qxc3 hxg3 22. hxg3 Qe6 23. e4 dxe4 24. Rxe4 Qf5 25. Rxe8+ Rxe8 26. Bxc6 bxc6 27. Qxc6 Re6 28. Qa8+ Re8 29. Qf3 Ng4 30. Bd4 Qh5 31. Qh1 Qa5 32. Qc6 {Jussupow,A (2628)-Topalov,V (2702) Frankfurt 2000 ½-½ (44)}) 18. Ne4 Nxe4 19. Bxe4 Qh6 20. Qf3 Rd6 21. Bxc6 bxc6 22. exd4 Bxd4 23. Bxd4 Rxd4 24. Rxc6 Rd6 25. Rxd6 Qxd6 26. Rd1 Qa3 27. Qe2 g6 28. Kg2 h5 29. h4 a5 30. Rd5 Qb4 31. Qd2 Re8 32. Qxb4 axb4 33. Kf3 Kg7 34. Rd4 Ra8 35. Rd2 Kf6 36. Ke3 Ke5 37. Kd3 Rd8+ 38. Kc2 Rc8+ 39. Kb2 f6 40. Rc2 Rb8 41. Rc4 Kd5 42. a4 bxa3+ 43. Kxa3 Re8 44. Kb2 g5 45. Kc3 Re2 46. Rd4+ Kc6 47. Rd2 Re4 48. Kd3 Rb4 49. Kc3 Re4 50. hxg5 fxg5 51. Kd3 Rb4 52. Rc2+ Kd5 53. Kc3 Re4 54. Ra2 Rg4 55. Ra5+ Kd6 56. Ra6+ Kd5 57. Rg6 Ke5 58. b4 Kf5 59. Rg8 h4 60. gxh4 gxh4 61. Rh8 Ke5 62. b5 Kd6 63. b6 Kc6 64. Rh6+ Kb7 65. Kd3 Ra4 66. f3 Rb4 67. Ke3 Rxb6 68. Rxb6+ Kxb6 69. Kf4 Kc5 70. Kg4 1-0

[Event "Sevastopol Waltz Blitz"]
[Site "Sevastopol UKR"]
[Date "2021.08.28"]
[Round "7.1"]
[White "Triapishko, Alexandr"]
[Black "Demidov, M."]
[Result "1-0"]
[WhiteElo "2506"]
[BlackElo "2551"]
[PlyCount "80"]
[EventDate "2021.08.28"]
[EventType "blitz"]

1. Nf3 g6 2. d4 Bg7 3. g3 d6 4. Bg2 Nd7 5. O-O e5 6. dxe5 Nxe5 7. Nxe5 dxe5 8. Qxd8+ Kxd8 9. Rd1+ ({RR} 9. Nc3 c6 10. Bg5+ f6 11. Be3 Bf8 12. Ne4 Bf5 13. Nc5 Kc7 14. c3 b6 15. Na6+ Kb7 16. Nb4 e4 17. Nc2 Re8 18. Rfd1 Bh6 19. Bxh6 Nxh6 20. e3 Bg4 21. Rd4 Bf5 22. Rad1 c5 23. Rd6 Rhf8 {Calderon,Z (2027)-Montero Martinez,C (2026) chess.com INT 2024 0-1 (50)}) 9... Ke8 10. Nc3 c6 11. Ne4 Bh6 $146 ({RR} 11... Bf8 12. Nd6+ Bxd6 13. Rxd6 Bf5 14. Be3 Rd8 15. Rad1 Rxd6 16. Rxd6 Ne7 17. Rd2 a6 18. Bg5 e4 19. c4 h6 20. Bf6 Rg8 21. h3 b5 22. g4 Be6 23. cxb5 axb5 24. Bxe4 Bxa2 25. Rd6 Be6 26. Kg2 {Parramon Ros,F (2059)-Parals Marce,L (2038) Castell de Sant Ferran 2018 1-0 (56)}) 12. e3 Bf8 13. b3 f6 14. Bb2 Bg4 15. f3 Bf5 16. f4 Bxe4 17. Bxe4 exf4 18. exf4 Bc5+ 19. Kg2 Rd8 20. Bd3 Kf8 21. Bc4 Rxd1 22. Rxd1 Ke7 23. Re1+ Kd7 24. Bxg8 Rxg8 25. Bxf6 a6 26. Kf3 Rf8 27. Be5 b5 28. Rd1+ Ke6 29. Ke4 h5 30. h3 Be7 31. g4 hxg4 32. hxg4 a5 33. Rh1 a4 34. Rh6 axb3 35. Rxg6+ Kf7 36. Rg7+ Ke6 37. f5+ Kd7 38. axb3 Ke8 39. g5 c5 40. f6 Bd8 1-0

[Event "Titled Tuesday 24th Aug"]
[Site "chess.com INT"]
[Date "2021.08.24"]
[Round "9"]
[White "Nakamura, Hi"]
[Black "Fedoseev, Vl3"]
[Result "1-0"]
[WhiteElo "2736"]
[BlackElo "2700"]
[PlyCount "75"]
[EventDate "2021.08.24"]

1. Nf3 g6 2. e4 Bg7 3. d4 d6 4. Bc4 Nf6 5. Qe2 O-O 6. e5 Ne8 7. h3 c5 8. dxc5 ({RR} 8. c3 Nc6 9. O-O Nc7 10. Rd1 cxd4 11. cxd4 d5 12. Bb3 b6 13. Nc3 Ba6 14. Qe1 Rc8 15. Be3 Kh8 16. Rac1 Na5 17. Bc2 Nc4 18. b3 Nxe3 19. Qxe3 Qd7 20. Bd3 Bxd3 21. Rxd3 Qf5 22. Ne2 Nb5 {Krantz,C (2212)-Mashhadi,P (2121) Norrkoping SWE 2025 1-0 (63)}) 8... dxe5 9. Nxe5 Qa5+ ({RR} 9... Qd4 10. Ng4 Bxg4 11. hxg4 Qxc5 12. Be3 Qc6 13. c3 Nd6 14. Nd2 Nd7 15. O-O Ne5 16. Bb3 b5 17. Bd4 Nec4 18. Bxc4 bxc4 19. Bxg7 Kxg7 20. Nf3 Rfe8 21. Rad1 Rab8 22. Rfe1 Kg8 23. g5 Qc5 24. Ne5 {Zubov,A (2597)-Andreikin,D (2719) St Petersburg 2018 0-1 (62)}) 10. c3 $146 ({RR} 10. Nc3 Qxc5 11. f4 Nc6 12. Be3 Qb4 13. O-O-O Nxe5 14. fxe5 Nc7 15. Rhf1 b5 16. Bxf7+ Kh8 17. a3 Qa5 18. Bc5 Bf5 19. Bb3 Be6 20. Bxe6 Nxe6 21. Bxe7 Rfc8 22. Bb4 Qb6 23. Rd6 Nd4 24. Qe4 Nc6 {Dubov,D (2711)-Chiu,I (2245) Chess.com INT 2022 1-0}) 10... Qxc5 11. Nf3 Nc6 12. Be3 Qh5 13. Nbd2 Nd6 14. Bb3 b6 15. O-O-O Bb7 16. Bg5 Rac8 17. Kb1 Ne5 18. g4 Nxf3 19. gxh5 Nxg5 20. Qxe7 Nge4 21. hxg6 Bf6 22. gxf7+ Kh8 23. Qd7 Rcd8 24. Qe6 Bc8 25. Qd5 Bb7 26. Qh5 Nxd2+ 27. Rxd2 Bxh1 28. Bc2 Be4 29. Bxe4 Nxe4 30. Rxd8 Bxd8 31. Qe5+ Nf6 32. Qb8 a5 33. Qg3 Rxf7 34. a4 Bc7 35. Qg5 Nd7 36. Ka2 Nc5 37. Qg4 Bd6 38. Qd4+ 1-0

[Event "WCh 2024"]
[Site "Singapore SIN"]
[Date "2024.12.08"]
[Round "11.1"]
[White "Gukesh, D."]
[Black "Ding Liren"]
[Result "1-0"]
[WhiteElo "2783"]
[BlackElo "2728"]
[PlyCount "57"]
[EventDate "2024.11.25"]

1. Nf3 d5 2. c4 d4 3. b4 c5 4. e3 Nf6 5. a3 ({RR} 5. Bb2 dxe3 6. fxe3 cxb4 7. d4 Nc6 8. Bd3 e5 9. Nbd2 exd4 10. exd4 Bd6 11. O-O O-O 12. d5 Ne7 13. Bxf6 gxf6 14. Ne4 Ng6 15. c5 Bf4 16. d6 f5 17. Nf2 Be3 18. Qc2 Qa5 19. Bxf5 Bxf5 {Erigaisi,A (2712)-Nepomniachtchi,I (2771) chess.com INT 2023 0-1 (50)}) 5... Bg4 $146 ({RR} 5... Nc6 6. b5 Na5 7. exd4 cxd4 8. d3 e6 9. g3 Be7 10. Bg2 Nd7 11. O-O O-O 12. Nbd2 {½-½ (12) Mochalov,D (2121)-Khripachenko,A (2400) Terme Catez SLO 2024}) ({RR} 5... a5 6. Bb2 dxe3 7. fxe3 axb4 8. axb4 Rxa1 9. Bxa1 cxb4 10. Qa4+ Nc6 11. d4 e6 12. Bd3 Bd7 13. Qa2 Be7 14. Nbd2 O-O 15. Ke2 Qa5 16. Qxa5 Nxa5 17. Bb2 Ra8 18. Ra1 b6 19. Ne5 Be8 20. c5 {Pyrih,R (2399)-Hulka,V (2311) Krakow POL 2025 1-0 (44)}) 6. exd4 cxd4 7. h3 Bxf3 8. Qxf3 Qc7 9. d3 a5 10. b5 Nbd7 11. g3 Nc5 12. Bg2 Nfd7 13. O-O Ne5 14. Qf4 Rd8 15. Rd1 g6 16. a4 h5 17. b6 Qd6 18. Ba3 Bh6 19. Bxc5 Qxc5 20. Qe4 Nc6 21. Na3 Rd7 22. Nc2 Qxb6 23. Rab1 Qc7 24. Rb5 O-O 25. Na1 Rb8 26. Nb3 e6 27. Nc5 Re7 28. Rdb1 Qc8 29. Qxc6 1-0

[Event "14th London Classic Elite"]
[Site "London ENG"]
[Date "2024.12.06"]
[Round "7.1"]
[White "Jones, G."]
[Black "Ju, Wenjun"]
[Result "1-0"]
[WhiteElo "2639"]
[BlackElo "2563"]
[PlyCount "81"]
[EventDate "2024.11.29"]

1. Nf3 d5 2. g3 c5 3. Bg2 Nf6 4. O-O g6 5. c4 Bg7 6. cxd5 Nxd5 7. Nc3 O-O 8. Nxd5 Qxd5 9. d3 Nc6 10. Be3 Bxb2 11. Rb1 Bg7 12. Qa4 Qd6 ({RR} 12... Qd7 13. Bxc5 b6 14. Be3 Nd4 15. Qd1 Bb7 16. Nxd4 Bxg2 17. Kxg2 Bxd4 18. Bxd4 Qxd4 19. Qb3 Rac8 20. Rfc1 Rc5 21. e3 Qd6 22. d4 Ra5 23. Rc2 e5 24. Rd1 Rd8 25. Rcd2 Qd5+ 26. Qxd5 {½-½ (26) Kramnik,V (2801)-Grischuk,A (2761) Moscow 2012}) ({RR} 12... Bd7 13. Rxb7 Nb8 14. Qb3 Bc6 15. Qxd5 Bxd5 16. Rxe7 Bf6 17. Rc7 Na6 18. Rd7 Rfd8 19. Rxd8+ Rxd8 20. a3 c4 21. Rc1 cxd3 22. exd3 Bxf3 23. Bxf3 Rxd3 24. Rc6 Bd4 25. Bxd4 Rxd4 26. Rxa6 {1-0 (26) Svane,R (2627)-Sethuraman,S (2417) chess.com INT 2025}) 13. Nd2 Nd4 14. Bxd4 Bxd4 $146 ({RR} 14... cxd4 15. Bxb7 Bxb7 16. Rxb7 Qe6 17. Ne4 h6 18. Qd7 Qxa2 19. Qxe7 a5 20. Rfb1 a4 21. Nd6 a3 22. h4 Ra7 23. Rxa7 Qxb1+ 24. Kg2 Qb3 25. Qb7 Rb8 26. Qxb3 {1-0 (26) Babiy,I (2241)-Bin Nun,P (1999) Chess.com INT 2020}) 15. Nc4 Qc7 16. Qa3 Rb8 17. Qxa7 Bg4 18. e3 Bf6 19. Rfc1 Ra8 20. Qb6 Qd7 21. Qb3 Be6 22. Nb6 Qd6 23. Bd5 Bxd5 24. Qxd5 Qxd5 25. Nxd5 Ra3 26. Rb3 Rxa2 27. Rxc5 Rfa8 28. d4 Rd2 29. Nc3 Ra1+ 30. Kg2 Rc1 31. Ne4 Rxc5 32. Nxc5 Ra2 33. Rxb7 h5 34. Ne4 Kg7 35. h3 Ra5 36. Rd7 Ra8 37. g4 hxg4 38. hxg4 g5 39. Rb7 Rd8 40. Rb5 Kg6 41. Rf5 1-0

[Event "Saint Louis Masters 2024"]
[Site "Saint Louis USA"]
[Date "2024.12.03"]
[Round "2.11"]
[White "Saric, Iv"]
[Black "Ghazarian, Kirk"]
[Result "1-0"]
[WhiteElo "2669"]
[BlackElo "2501"]
[PlyCount "101"]
[EventDate "2024.12.03"]
[EventType "swiss"]

1. Nf3 d5 2. g3 g6 3. Bg2 Bg7 4. O-O e5 5. d3 Nc6 6. Nc3 Nge7 7. e4 dxe4 ({RR} 7... d4 8. Ne2 O-O 9. c3 a5 10. cxd4 Nxd4 11. Nexd4 exd4 12. Bf4 c5 13. a4 b6 14. Nd2 Be6 15. b3 Nc6 16. Nc4 Nb4 17. h4 h5 18. Kh2 Ra7 19. Bh3 Bxh3 20. Kxh3 f5 21. e5 Re8 22. Re1 {Rapport,R (2752)-Gukesh,D (2744) Zagreb CRO 2023 0-1 (102)}) 8. dxe4 Be6 ({RR} 8... O-O 9. Nd5 h6 10. c4 Bg4 11. Be3 Nd4 12. Bxd4 exd4 13. Qb3 c6 14. Nf4 Qb6 15. h3 Bd7 16. Qa3 c5 17. Ne1 Rac8 18. Ned3 Rfe8 19. Rfe1 Kh7 20. e5 Bf5 21. g4 Bxd3 22. Nxd3 Nc6 23. f4 {Bjerre,J (2637)-Kistrup,N (2356) Eforie Nord ROU 2025 1-0 (39)}) 9. Ng5 $146 ({RR} 9. b3 Nd4 10. Ng5 Bd7 11. Nd5 h6 12. c3 Nxd5 13. exd5 hxg5 14. cxd4 O-O 15. Bb2 e4 16. Bxe4 Re8 17. Re1 a5 18. Qc2 a4 19. a3 axb3 20. Qxb3 Ba4 21. Qc4 Qd6 22. Bc3 Qd7 23. Bg2 Rxe1+ {Amin,B (2680)-Jobava,B (2585) Chennai 2022 ½-½ (43)}) 9... Bd7 10. Nd5 O-O 11. Re1 h6 12. Nf3 Be6 13. c4 Bg4 14. Be3 Nd4 15. Bxd4 exd4 16. h3 Bxf3 17. Qxf3 Nc6 18. Qb3 Rb8 19. Rad1 Na5 20. Qc2 c6 21. Nf4 b5 22. cxb5 Rxb5 23. Bf1 Rb7 24. e5 Qb6 25. e6 g5 26. Nd3 Re7 27. Nc5 fxe6 28. Rxe6 Rxe6 29. Nxe6 Rf7 30. a3 Qb3 31. Qxb3 Nxb3 32. Bc4 Na5 33. Ba2 Kh8 34. Nxg7 Rxg7 35. Rxd4 Nb7 36. Re4 Rc7 37. Re6 Kg7 38. Bb1 Rd7 39. Kg2 Rd1 40. Rxc6 Rxb1 41. Rc7+ Kf6 42. Rxb7 a5 43. Rb6+ Ke5 44. g4 Kd5 45. Rxh6 Rxb2 46. Rg6 Kc4 47. Rxg5 a4 48. Rf5 Kb3 49. Rf3+ Ka2 50. g5 Rb3 51. g6 1-0

[Event "Saint Louis Masters 2024"]
[Site "Saint Louis USA"]
[Date "2024.12.04"]
[Round "3.4"]
[White "Cordova, E."]
[Black "Sevian, Samuel"]
[Result "1-0"]
[WhiteElo "2531"]
[BlackElo "2696"]
[PlyCount "99"]
[EventDate "2024.12.03"]
[EventType "swiss"]

1. Nf3 d5 2. e3 c5 3. b3 Nc6 4. Bb2 f6 5. d4 cxd4 6. Nxd4 e5 7. Nxc6 bxc6 8. c4 Be6 9. cxd5 cxd5 10. Bb5+ Kf7 11. O-O Rc8 12. Be2 $146 Bd6 13. Nc3 Ne7 14. Rc1 ({RR} 14. a3 h5 15. Nb5 Bb8 16. f4 Qb6 17. fxe5 Qxe3+ 18. Kh1 Bxe5 19. Bxe5 Qxe5 20. Nxa7 Rc3 21. Nb5 Re3 22. Nd4 Bg4 23. Bf3 Re4 24. Nc2 Nf5 25. Qd3 Bxf3 26. Rxf3 h4 27. Rd1 h3 28. Qxd5+ Qxd5 {Jacobson,B (2504)-Burke,J (2538) Saint Louis 2021 0-1 (37)}) 14... Qb6 15. Bh5+ g6 16. Bf3 Qb7 17. Bg4 f5 18. Be2 Rhd8 19. Qe1 Nc6 20. Na4 Bb4 21. Bc3 Bd6 22. Bb2 Nb4 23. Rxc8 Rxc8 24. f4 Nxa2 25. Qh4 Kg8 26. Qf6 Re8 27. fxe5 Bf8 28. Bd4 Qc6 29. Qg5 Rb8 30. Bd1 Nc1 31. Bxa7 Rb7 32. Bd4 Be7 33. Qg3 Rxb3 34. Nb2 Ra3 35. h4 Kf7 36. Qf4 Ra8 37. Qh6 Kg8 38. h5 Bf8 39. Qg5 Bd7 40. hxg6 Qxg6 41. Qxg6+ hxg6 42. Bf3 Rc8 43. Bxd5+ Kh7 44. Bc4 Rxc4 45. Nxc4 Ne2+ 46. Kf2 Bb5 47. Rh1+ Kg8 48. Nd6 Bd3 49. Ba1 Be7 50. e6 1-0

[Event "Saint Louis Masters 2024"]
[Site "Saint Louis USA"]
[Date "2024.12.06"]
[Round "7.8"]
[White "Robson, R."]
[Black "Quesada Perez, Ya"]
[Result "1-0"]
[WhiteElo "2700"]
[BlackElo "2577"]
[PlyCount "85"]
[EventDate "2024.12.03"]
[EventType "swiss"]

1. Nf3 d5 2. g3 Nf6 3. Bg2 g6 4. c4 c6 5. b3 Bg7 6. Bb2 O-O 7. O-O Bg4 8. d4 Bxf3 9. Bxf3 e6 10. Nd2 ({RR} 10. Nc3 Nbd7 11. e3 Re8 12. Qc2 a5 13. Bg2 Nb6 14. Ne2 Nbd7 15. Rfd1 Qb6 16. Nf4 Red8 17. Nd3 Qa7 18. Rac1 Bf8 19. h3 Bg7 20. Qe2 Ne8 21. Rc2 a4 22. Bc3 axb3 23. axb3 Qb6 24. Rb2 Ra7 {Artemiev,V (2728)-Kamsky,G (2674) Chess.com INT 2020 ½-½ (34)}) 10... Nbd7 11. e3 ({RR} 11. Bg2 a5 12. a4 Qb6 13. Re1 Rad8 14. Qc2 Rfe8 15. Rad1 Qa6 16. e4 dxe4 17. Nxe4 Nxe4 18. Bxe4 Qb6 19. Rd3 c5 20. Red1 cxd4 21. Bxd4 Bxd4 22. Rxd4 Nc5 23. Bf3 Rxd4 24. Rxd4 Nxb3 25. Rf4 Nc5 {Deveci,H (2225)-Finegold,B (2400) chess.com INT 2025 0-1 (31)}) 11... Re8 12. Bg2 a5 $146 ({RR} 12... Qc7 13. Qc2 Rad8 14. b4 Qb8 15. a4 e5 16. cxd5 Nxd5 17. Bxd5 cxd5 18. dxe5 Nxe5 19. Bxe5 Qxe5 20. Rad1 Qe7 21. Qb3 d4 22. e4 d3 23. f3 Rd4 24. b5 Red8 25. Kg2 h5 26. h4 Kh7 27. Rfe1 {Sai,H (2140)-Buker,M (1929) chess.com INT 2024 0-1 (47)}) 13. a4 Rc8 14. Qc2 c5 15. Rac1 cxd4 16. Bxd4 Nb8 17. Rfd1 Nc6 18. Bxf6 Bxf6 19. cxd5 exd5 20. Ne4 Bd4 21. exd4 dxe4 22. Bxe4 Qd7 23. Qd3 Nb4 24. Qf3 Rxc1 25. Rxc1 Re7 26. d5 f5 27. Bd3 Kg7 28. Bc4 Qd6 29. Qc3+ Kh6 30. Rd1 Re4 31. Rd4 Qf6 32. Qd2+ Kg7 33. Rxe4 fxe4 34. d6 Nc6 35. Qd5 e3 36. fxe3 Qa1+ 37. Kg2 Qb2+ 38. Kh3 Ne5 39. Qg8+ Kh6 40. Qf8+ Kh5 41. Qf4 g5 42. g4+ Kg6 43. Qf5+ 1-0

[Event "Qatar Masters Open 2024"]
[Site "Doha QAT"]
[Date "2024.12.05"]
[Round "3.6"]
[White "Naiditsch, A."]
[Black "Shuvalova, Polina"]
[Result "1-0"]
[WhiteElo "2636"]
[BlackElo "2504"]
[PlyCount "89"]
[EventDate "2024.12.03"]

1. Nf3 d5 2. g3 Nf6 3. Bg2 e6 4. O-O Be7 5. d3 O-O 6. Nbd2 c5 7. e4 Nc6 8. Re1 Qc7 9. c3 Rd8 10. Qe2 b5 11. exd5 Nxd5 12. a4 b4 13. c4 Nf6 14. Nb3 Bb7 15. Bf4 $146 ({RR} 15. Be3 Nd7 16. Rad1 Na5 17. Bf4 Qb6 18. Nxa5 Qxa5 19. Ng5 Bxg2 20. Kxg2 Qxa4 21. Nxf7 Qc6+ {0-1 (21) Moskow,E (2144)-Hardaway,B (2370) New York USA 2023}) 15... Qd7 16. Rad1 Qe8 17. Ng5 h6 18. Ne4 Nxe4 19. Bxe4 Rd7 20. Be3 Qf8 21. Qh5 f5 22. Bg2 Rad8 23. Qg6 Kh8 24. Bf4 Bf6 25. Rxe6 Ne7 26. Qh5 Bxg2 27. Kxg2 Rxd3 28. Rxd3 Rxd3 29. Nxc5 Rd4 30. Qe2 Qc8 31. Rxf6 Ng8 32. Re6 Qxc5 33. Be3 Qxc4 34. Bxd4 Qxd4 35. Qe5 Qd3 36. Rd6 Qc2 37. Rd5 Qc6 38. Qd6 Qxa4 39. Rxf5 Qc2 40. Rf4 a5 41. Qe6 Nf6 42. Rc4 Qd3 43. Rc8+ Kh7 44. Rc5 Kh8 45. Rxa5 1-0

[Event "Qatar Masters Open 2024"]
[Site "Doha QAT"]
[Date "2024.12.09"]
[Round "6.2"]
[White "Erigaisi, Arjun"]
[Black "Paravyan, D."]
[Result "1-0"]
[WhiteElo "2801"]
[BlackElo "2620"]
[PlyCount "83"]
[EventDate "2024.12.03"]

1. Nf3 d5 2. c4 d4 3. b4 c5 4. Bb2 Nf6 5. g3 h5 $146 ({RR} 5... Qc7 6. Bg2 e5 7. O-O Nc6 8. b5 Ne7 9. e3 Ng6 10. exd4 exd4 11. d3 Be7 12. Re1 O-O 13. a4 Bf5 14. Qc2 Bd6 15. Nbd2 h6 16. Ne4 Nxe4 17. dxe4 Be6 18. Nd2 Rae8 19. f4 Nxf4 20. gxf4 {Mekhitarian,K (2554)-Deac,B (2690) chess.com INT 2024 0-1 (61)}) ({RR} 5... a5 6. b5 Nbd7 7. Bg2 e5 8. O-O Bd6 9. d3 O-O 10. a4 Ra7 11. Nbd2 Re8 12. e3 b6 13. Nh4 Nf8 14. Bc6 Bd7 15. Bxd7 Rxd7 16. e4 Ng6 17. Ng2 Rf8 18. f4 exf4 19. gxf4 Ne8 20. Rf3 {So,W (2760)-Anand,V (2757) Bucharest 2019 ½-½ (48)}) ({RR} 5... cxb4 6. Bxd4 Bg4 7. Bb2 Bxf3 8. exf3 e6 9. Bg2 Be7 10. O-O O-O 11. d4 Nc6 12. Qd3 a5 13. a4 e5 14. d5 Bc5 15. Rd1 Nd4 16. f4 Ng4 17. fxe5 Nc6 18. dxc6 Nxf2 19. Qxd8 Raxd8 20. Rxd8 {Seemann,J (2491)-Pogorelskikh,S (2313) Eforie Nord ROU 2025 1-0 (32)}) 6. Qa4+ Bd7 7. b5 h4 8. Nxh4 e5 9. d3 e4 10. dxe4 Rxh4 11. gxh4 Nxe4 12. Bg2 Qxh4 13. Rf1 f5 14. Qc2 a6 15. a4 axb5 16. cxb5 Be6 17. Nd2 Bd5 18. a5 g6 19. Ra3 c4 20. Rh3 Qg4 21. Nxe4 fxe4 22. Rg3 Bb4+ 23. Kd1 Qe6 24. Bxd4 Rxa5 25. Bc3 Qd6 26. Kc1 Rxb5 27. Bxb4 Qxb4 28. Bxe4 c3 29. Bxg6+ Ke7 30. Rxc3 Nc6 31. Qd2 Qa4 32. Qe3+ Kf6 33. Bc2 Qa1+ 34. Kd2 Qxf1 35. Qf4+ Ke7 36. Re3+ Be6 37. Qc7+ Kf6 38. Rf3+ Bf5 39. Bxf5 Ne5 40. Qd8+ Kf7 41. Be6+ Kxe6 42. Rf6# 1-0

[Event "TCh-CHN DivA Finals 2024"]
[Site "Shaoxing CHN"]
[Date "2024.12.05"]
[Round "2.2"]
[White "Bai, Jinshi"]
[Black "Yu Yangyi"]
[Result "1-0"]
[WhiteElo "2551"]
[BlackElo "2724"]
[PlyCount "133"]
[EventDate "2024.12.02"]
[EventType "team"]
[WhiteTeam "Hangzhou"]
[BlackTeam "Beijing"]

1. Nf3 d5 2. g3 Nf6 3. Bg2 c5 4. O-O e6 5. d4 cxd4 6. Nxd4 Bc5 7. c4 O-O 8. Nb3 Bb6 9. Nc3 Nc6 10. cxd5 Nxd5 11. Bd2 Nde7 $146 ({RR} 11... Nxc3 12. Bxc3 Qe7 13. Nd2 Rd8 14. Qc2 Bd7 15. Nc4 Bd4 16. e3 Bxc3 17. Qxc3 Rac8 {½-½ (17) Samunenkov,I (2531)-Hracek,Z (2550) Czech Republic CZE 2024}) 12. Na4 e5 13. Rc1 Bg4 14. h3 Bh5 15. Nbc5 Bxc5 16. Nxc5 b6 17. g4 Bg6 18. Ne4 Rc8 19. Bc3 h6 20. e3 Nd5 21. Qxd5 Qxd5 22. Nf6+ gxf6 23. Bxd5 Rfd8 24. Rcd1 Bc2 25. Rd2 Ba4 26. Bxc6 Bxc6 27. Rfd1 Rxd2 28. Rxd2 Be4 29. f4 b5 30. a3 Rc5 31. Rd6 Rc6 32. Rd8+ Kh7 33. Rd7 Kg6 34. f5+ Kg7 35. Rxa7 h5 36. Kf2 Rc4 37. Rd7 hxg4 38. hxg4 Rc5 39. Rd6 Rc6 40. Rd8 Rc5 41. Rb8 Bd3 42. Rb6 Be4 43. Kg3 Rd5 44. Bb4 Rd1 45. Be7 Rg1+ 46. Kf2 Rxg4 47. Bxf6+ Kh7 48. Rxb5 Rg2+ 49. Ke1 Bxf5 50. Bxe5 Bd3 51. Rb3 Be4 52. Rb6 Bf3 53. Bd4 f5 54. a4 Re2+ 55. Kf1 Rc2 56. a5 Rc6 57. Rb8 Rc2 58. Rb6 Rc6 59. Rxc6 Bxc6 60. Ke2 Kg6 61. Kd3 Bb5+ 62. Kc3 Kf7 63. Kb4 Be2 64. Kc5 Ke6 65. b4 Kd7 66. b5 Bd3 67. a6 1-0

[Event "European Rapid 2024"]
[Site "Skopje MKD"]
[Date "2024.12.08"]
[Round "7.7"]
[White "Sargissian, G."]
[Black "Kazakouski, Valery"]
[Result "1-0"]
[WhiteElo "2628"]
[BlackElo "2567"]
[PlyCount "139"]
[EventDate "2024.12.07"]
[EventType "rapid"]

1. Nf3 d5 2. g3 Nf6 3. Bg2 c6 4. O-O Bg4 5. h3 Bh5 6. c4 e6 7. d4 Bxf3 ({RR} 7... Be7 8. Qb3 Qb6 9. c5 Qxb3 10. axb3 Bxf3 11. Bxf3 Nbd7 12. b4 a6 13. Nd2 O-O 14. Nb3 Bd8 15. Bf4 Re8 16. Bd6 Be7 17. Bf4 Bd8 18. g4 e5 19. Bg3 exd4 20. Nxd4 Ne4 21. Nf5 Nxg3 22. Nxg3 {Firouzja,A (2737)-Giri,A (2745) chess.com INT 2024 0-1 (101)}) ({RR} 7... Be7 8. Nc3 Nbd7 9. Ne5 Bg6 10. Nxg6 hxg6 11. Qd3 O-O 12. Rd1 a6 13. a4 a5 14. Bf3 Re8 15. Bg5 Nb8 16. e3 Na6 17. Qe2 Nb4 18. Rac1 Nd7 19. Bxe7 Qxe7 20. b3 Rad8 21. Bg2 Nf6 22. f4 {Panda,S (2391)-Koustuv,D (2131) Bengaluru IND 2025 0-1 (56)}) ({RR} 7... Nbd7 8. cxd5 exd5 9. Qb3 Qb6 10. Qe3+ Be7 11. Nh4 Bg6 12. Nc3 Nf8 13. Nxg6 hxg6 14. Qd3 Ne6 15. Rd1 O-O 16. e3 Rfe8 17. Qc2 a5 18. Bd2 Qd8 19. Rac1 Bd6 20. Ne2 Ng5 21. Nf4 Nge4 22. Be1 {Sargissian,G (2628)-Zajic,M (2392) Skopje MKD 2024 0-1 (43)}) 8. Bxf3 Be7 $146 ({RR} 8... Nbd7 9. Nd2 Bd6 10. e4 dxe4 11. Nxe4 Nxe4 12. Bxe4 Nf6 13. Bg2 O-O 14. Qb3 Rb8 15. Be3 a6 16. Rad1 Qe7 17. Rfe1 h6 18. Qc2 Rfd8 19. a3 Rd7 20. Bd2 Qd8 21. Bc3 Be7 22. Re2 Qc7 23. Qa4 {Grandelius,N (2656)-Goryachkina,A (2610) Chess.com INT 2022 ½-½ (78)}) 9. Qb3 Qb6 10. Nc3 Nbd7 11. Rd1 O-O 12. Bf4 Qa6 13. cxd5 exd5 14. e3 Rfe8 15. Bc7 Rac8 16. Be2 b5 17. Bf4 Qa5 18. Bf3 h6 19. h4 Nf8 20. Rac1 Ne6 21. Ne2 Bf8 22. a3 Nd7 23. h5 Nb6 24. Qd3 Nc4 25. Rc2 Qb6 26. Qf5 a5 27. Nc1 Nxf4 28. gxf4 Rcd8 29. Re2 Nd6 30. Qh3 Ne4 31. Nd3 c5 32. dxc5 Bxc5 33. Nxc5 Qxc5 34. Qf5 Qc4 35. Kg2 Nf6 36. Rd4 Qc8 37. Qxc8 Rxc8 38. Bxd5 Nxh5 39. Bf3 Nf6 40. Red2 g5 41. Rd6 Kg7 42. fxg5 hxg5 43. Rb6 g4 44. Bb7 Rc5 45. b4 axb4 46. axb4 Rf5 47. Rc2 Rb8 48. Rc8 Rxc8 49. Bxc8 Rd5 50. Bb7 Rd2 51. Rxb5 Rb2 52. Kg3 Rb1 53. Kg2 Rb2 54. Bc6 Kg6 55. Ba8 Nh5 56. Be4+ Kh6 57. Kg1 g3 58. fxg3 Nxg3 59. Bf3 f5 60. Rb8 Kg5 61. b5 f4 62. b6 Rb1+ 63. Kg2 Rb2+ 64. Kg1 Rb1+ 65. Kg2 Rb2+ 66. Kh3 Nf1 67. Rg8+ Kf5 68. Rf8+ Ke6 69. b7 Rh2+ 70. Kg4 1-0